Schubert piano sonatas

Kaydedildi:
Detaylı Bibliyografya
Yazar: Radcliffe, Philip (Yazar)
Materyal Türü: Kitap
Dil:İngilizce
Baskı/Yayın Bilgisi: Londres British Broadcasting Corporation 1967
Seri Bilgileri:BBC Music Guides
Konular:
Etiketler: Etiketle
Etiket eklenmemiş, İlk siz ekleyin!

MARC

LEADER 00000nam a2200000 a 4500
001 UCN3225
003 CL-VaPUC
008 010622e19670000UK |||||||||||||||||eng|d
082 0 4 |a 786.2183  |b RAD  |2 21 
100 0 |a Radcliffe, Philip  |e author  |9 459688 
245 1 0 |a Schubert piano sonatas 
300 |a 56 p 
942 |c BK 
945 |d 20010622 00:00:00  |a crobeson 
260 |a Londres  |b British Broadcasting Corporation  |c 1967 
600 0 7 |a SCHUBERT, FRANZ  |2 CL-VaPUC  |9 459689 
650 0 |a Música para piano  |9 306528 
650 0 |a Sonatas  |9 458722 
650 0 |a Análisis musical  |9 267228 
650 7 |a COMPOSITORES AUSTRIACOS  |2 CL-VaPUC  |9 459690 
583 |a last modification  |c 20010622 00:00:00  |k Rodrigo Vera 
490 0 |a BBC Music Guides 
999 |c 296150  |d 296148 
952 |0 0  |1 0  |4 0  |6 786_218300000000000_RAD_1967  |7 0  |8 A  |9 349762  |a BIBEDU  |b BIBEDU  |d 2019-11-20  |i 1234781  |o 786.2183 RAD 1967  |p 1234781  |r 2023-01-12  |w 2019-11-20  |y BK  |k MUS 
952 |0 0  |1 0  |4 0  |6 786_218300000000000_RAD_1967  |7 0  |8 A  |9 349763  |a BIBEDU  |b BIBEDU  |d 2019-11-20  |i 1234854  |o 786.2183 RAD 1967  |p 1234854  |r 2022-01-17  |w 2019-11-20  |y BK  |k MUS